Sports Quiz

Random Sports Quiz

100+ rec. 1,400+ yards, 10+ TD seasons Quiz Stats

 Plays Quiz not verified by Sporcle

Score 0/24 Timer 03:00
0 Plays Today
Year Player % Correct
2003Randy Moss
95.1%
1990Jerry Rice
94.2%
1994Jerry Rice
94.2%
1995Jerry Rice
94.2%
2015Antonio Brown
92.4%
2014Antonio Brown
90.2%
2002Marvin Harrison
87.6%
1999Marvin Harrison
87.3%
2000Marvin Harrison
87.3%
2001Marvin Harrison
87.3%
2007Reggie Wayne
77.2%
2003Torry Holt
73.9%
Year Player % Correct
1995Isaac Bruce
66.3%
2005Steve Smith
62.1%
2007Larry Fitzgerald
55.6%
2005Larry Fitzgerald
55.6%
1995Michael Irvin
53.9%
2014Demaryius Thomas
53.7%
2015Brandon Marshall
43.9%
2012Brandon Marshall
43.9%
1995Herman Moore
33.3%
1992Sterling Sharpe
32%
2015DeAndre Hopkins
30.9%
1995Robert Brooks
6.7%

You're not logged in!

Compare scores with friends on all Sporcle quizzes.
OR
Log In

Show Comments

Extras

Created Nov 8, 2010ReportNominate
Tags:100, 1400, 400, rec, season, yard

Top Quizzes Today


Score Distribution

Your Account Isn't Verified!

In order to create a playlist on Sporcle, you need to verify the email address you used during registration. Go to your Sporcle Settings to finish the process.

Report this User

Report this user for behavior that violates our Community Guidelines.

Details: